000
00269nam a2200109Ia 4500
008
190216s9999||||xx |||||||||||||| ||und||
100
_a
Gopi Pathiyoor
245
0
_a
Krishiyude Harisree
260
_b
Kerala Shashthra Sahithya Parishath
650
_a
Botany
942
_c
BK
999
_c
40515
_d
40515